| 000 | 00514pab a2200193 454500 | ||
|---|---|---|---|
| 008 | 180718b2009 xxu||||| |||| 00| 0 eng d | ||
| 100 | _aXu, Hua | ||
| 245 | _aPersonal income tax policy in China and the United States: a comparative analysis | ||
| 260 | _c2009 | ||
| 300 | _ap.S75-S81. | ||
| 362 | _aDec | ||
| 650 | _aIncome tax - United States | ||
| 650 | _aIncome tax - China | ||
| 650 | _aIncome tax | ||
| 700 | _aCui, Huiyu | ||
| 773 | _aPublic Administration Review | ||
| 908 | _aN | ||
| 909 | _a84987 | ||
| 999 |
_c84987 _d84987 |
||